00565nam a2200205 a 4500001001300000003000900013005001700022008004100039020000900080082001600089100003000105245006000135260003000195300000900225500003500234505002400269650002000293650001600313700003000329nice12345678IN_TiNIC20260116012506.0050524s1981 dela grp 000 0 eng  ac3000a340.59bBAG aBagvi, Malik Bashir Ahmad aLearner`s Guide to the Division of Inheritanceb Hanafi aDelhibKitab Bhavanc1981 a176p aincludes index and biblioraphy2 aBibliography, Index aWomen-India-Law aIslamic-Law1 aBagvi, Malik Bashir Ahmad